000 00228nam a22000857a 4500
008 160701b xxu||||| |||| 00| 0 eng d
100 _91737
_a Gupta, R.G
245 _aNew Course Composite Mathematics
260 _aNew Delhi
_bArya
_c2005
999 _c1443
_d1443